[Event "FICS rated blitz game"]
[Site "FICS freechess.org"]
[Date "2018.01.25"]
[Round "?"]
[White "borju"]
[Black "AndriyzZolocheva"]
[Result "0-1"]
[WhiteElo "1493"]
[BlackElo "1449"]
[PlyCount "34"]
[EventDate "2018.??.??"]
[EventType "blitz"]

1. e4 e5 2. Nf3 Nc6 3. c3 Nf6 4. Bc4 Bc5 5. d3 d6 6. O-O Bg4 7. Nbd2 Qe7 8. b4
Bb6 9. a4 a5 10. b5 Nd8 11. Qb3 Ne6 12. h3 Bh5 13. g4 Bg6 14. Nh4 Nxg4 15. Nxg6
hxg6 16. hxg4 Qh4 17. Kg2 Qh3+ {White resigns} 0-1

[Event "FICS rated blitz game"]
[Site "FICS freechess.org"]
[Date "2018.01.25"]
[Round "?"]
[White "Hexatetra"]
[Black "jpablo"]
[Result "1-0"]
[WhiteElo "2146"]
[BlackElo "1692"]
[PlyCount "86"]
[EventDate "2018.??.??"]
[EventType "blitz"]

1. e4 e5 2. Nf3 Nc6 3. c3 Be7 4. d4 d6 5. d5 Nb8 6. Be2 Bg4 7. O-O Nf6 8. h3
Bh5 9. Nbd2 Nbd7 10. b3 O-O 11. Bb2 Nc5 12. Qc2 h6 13. Rfe1 Bg6 14. Bd3 Nxd3
15. Qxd3 Qd7 16. c4 Rad8 17. Nh2 Rfe8 18. f3 Bf8 19. Ng4 Nxg4 20. hxg4 Qe7 21.
a4 Qh4 22. Ba3 h5 23. gxh5 Bxh5 24. b4 Be7 25. c5 Bg5 26. cxd6 cxd6 27. Nc4 Bf4
28. Nd2 Rc8 29. Nf1 Rc7 30. Re2 Rec8 31. Bb2 g5 32. Ra3 g4 33. g3 Bxg3 34. fxg4
Bxg4 35. Qxg3 Qxg3+ 36. Rxg3 Kf8 37. Rxg4 Rc2 38. Rh2 Rxh2 39. Kxh2 Rc2+ 40.
Rg2 Rc4 41. Ng3 Rxb4 42. Ba3 Rb6 43. Nf5 Rb2 {Black resigns} 1-0

[Event "FICS rated standard game"]
[Site "FICS freechess.org"]
[Date "2018.01.25"]
[Round "?"]
[White "proximab"]
[Black "rashadjamal"]
[Result "1-0"]
[WhiteElo "2154"]
[BlackElo "1434"]
[PlyCount "67"]
[EventDate "2018.??.??"]

1. e4 e5 2. Nf3 Nc6 3. c3 a6 4. Bc4 Nf6 5. Qb3 Qe7 6. d3 d6 7. O-O h5 8. Ng5
Bd7 9. Bxf7+ Kd8 10. Qxb7 Rb8 11. Qxa6 Nh7 12. Ne6+ Bxe6 13. Bxe6 Qxe6 14. Qxc6
g5 15. Na3 Nf6 16. Bxg5 Be7 17. Nc4 h4 18. Be3 h3 19. g3 Qg4 20. Ba7 Rc8 21.
Na5 Bf8 22. f3 Qe6 23. f4 exf4 24. Rxf4 Bh6 25. Rxf6 Qxf6 26. Rf1 Qg5 27. Bd4
Bg7 28. Bxg7 Qxg7 29. Nb7+ Ke7 30. Nxd6 cxd6 31. Qb7+ Ke6 32. Qxg7 d5 33. Rf6+
Ke5 34. Rh6# {Black checkmated} 1-0

[Event "FICS rated standard game"]
[Site "FICS freechess.org"]
[Date "2018.01.25"]
[Round "?"]
[White "piaanist"]
[Black "AureaMediocritas"]
[Result "0-1"]
[WhiteElo "1474"]
[BlackElo "1855"]
[PlyCount "50"]
[EventDate "2018.??.??"]

1. e4 e5 2. Nf3 Nc6 3. c3 Bc5 4. Bc4 d6 5. d4 exd4 6. cxd4 Bb6 7. Be3 Nf6 8.
Qc2 Bg4 9. Nbd2 O-O 10. h3 Bxf3 11. Nxf3 Nb4 12. Qb3 Ba5 13. Ng5 Nc2+ 14. Kd1
Nxe3+ 15. Kc1 d5 16. fxe3 dxc4 17. Qxc4 Nh5 18. h4 Ng3 19. Rh2 h6 20. Nxf7 Rxf7
21. e5 Ne4 22. Kc2 Nd2 23. Qd5 Qxd5 24. a3 Qb3+ 25. Kc1 Rf1# {White checkmated}
0-1

[Event "FICS rated blitz game"]
[Site "FICS freechess.org"]
[Date "2018.01.25"]
[Round "?"]
[White "sampaths"]
[Black "kotedvali"]
[Result "1-0"]
[WhiteElo "1569"]
[BlackElo "1510"]
[PlyCount "39"]
[EventDate "2018.??.??"]
[EventType "blitz"]

1. e4 e5 2. Nf3 Nc6 3. c3 Nf6 4. Bd3 d6 5. O-O Bg4 6. h3 Bh5 7. Qe2 g5 8. Na3
g4 9. hxg4 Bxg4 10. Bb5 Qd7 11. Bxc6 Qxc6 12. d3 O-O-O 13. Bg5 Be7 14. Bxf6
Bxf6 15. b4 Qxc3 16. Nb5 Qxb4 17. Nxa7+ Kb8 18. Rab1 Qc5 19. Nb5 b6 20. Rfc1 {
Black resigns} 1-0

[Event "FICS rated blitz game"]
[Site "FICS freechess.org"]
[Date "2018.01.25"]
[Round "?"]
[White "fabiandezso"]
[Black "shrjyasheng"]
[Result "1-0"]
[WhiteElo "1498"]
[BlackElo "1317"]
[PlyCount "53"]
[EventDate "2018.??.??"]
[EventType "blitz"]

1. e4 Nc6 2. Nf3 e5 3. c3 a6 4. d4 exd4 5. cxd4 Bb4+ 6. Nc3 Ba5 7. Be2 Bb6 8.
O-O d6 9. Be3 Nce7 10. Qd2 Ba7 11. Rfd1 Nf6 12. Rac1 Ng4 13. h3 Nxe3 14. fxe3
Ng6 15. Qe1 Bd7 16. Qg3 h5 17. e5 dxe5 18. Nxe5 h4 19. Qh2 Nxe5 20. Qxe5+ Kf8
21. Qf4 g5 22. Qf3 c6 23. Rf1 Qe7 24. d5 Bxe3+ 25. Kh1 Bxc1 26. Rxc1 c5 27. Rf1
1-0

[Event "FICS rated blitz game"]
[Site "FICS freechess.org"]
[Date "2018.01.25"]
[Round "?"]
[White "paperfold"]
[Black "STROBOCHESS"]
[Result "1-0"]
[WhiteElo "1382"]
[BlackElo "1622"]
[PlyCount "75"]
[EventDate "2018.??.??"]
[EventType "blitz"]

1. e4 e5 2. Nf3 Nc6 3. c3 d5 4. exd5 Qxd5 5. c4 Qc5 6. a3 a5 7. Nc3 Nf6 8. d3
Bg4 9. Bg5 Nd4 10. Bxf6 Bxf3 11. gxf3 gxf6 12. Ne4 Qb6 13. Qa4+ Ke7 14. b4
Nxf3+ 15. Kd1 Bh6 16. c5 Qe6 17. h4 Qg4 18. Bh3 Qh5 19. Qd7+ Kf8 20. Kc2 Nd4+
21. Kc3 Qe2 22. Kc4 Qc2+ 23. Nc3 axb4 24. axb4 Kg7 25. Rhg1+ Bg5 26. hxg5 Rxa1
27. gxf6+ Kh6 28. Rxa1 Ne2 29. Ra3 Ra8 30. Rb3 Nd4 31. Rb1 Ne2 32. Rb3 Nd4 33.
Rb1 Ra3 34. Qxf7 Qxc3+ 35. Kd5 c6+ 36. Kd6 Nb5+ 37. Ke6 Nc7+ 38. Qxc7 1-0

[Event "FICS rated blitz game"]
[Site "FICS freechess.org"]
[Date "2018.01.25"]
[Round "?"]
[White "denk"]
[Black "catcheck"]
[Result "1-0"]
[WhiteElo "1423"]
[BlackElo "1352"]
[PlyCount "33"]
[EventDate "2018.??.??"]
[EventType "blitz"]

1. e4 e5 2. Nf3 Nc6 3. c3 d6 4. Bc4 Be7 5. O-O Nf6 6. d4 exd4 7. cxd4 Nxe4 8.
Qe2 d5 9. Bd3 Bf5 10. Ne5 O-O 11. Nxc6 bxc6 12. Bxe4 dxe4 13. Be3 Bg5 14. Nd2
Re8 15. Rad1 Bg6 16. Qc4 Qd5 17. Qxd5 {Black resigns} 1-0

[Event "FICS rated blitz game"]
[Site "FICS freechess.org"]
[Date "2018.01.25"]
[Round "?"]
[White "proximab"]
[Black "GayanovK"]
[Result "1-0"]
[WhiteElo "2056"]
[BlackElo "1352"]
[PlyCount "69"]
[EventDate "2018.??.??"]
[EventType "blitz"]

1. e4 e5 2. Nf3 Nc6 3. c3 Bc5 4. d4 exd4 5. b4 Bb6 6. b5 Nce7 7. cxd4 d5 8. e5
Bg4 9. Bb2 Nf5 10. Be2 Nge7 11. O-O O-O 12. Nbd2 c5 13. h3 Bxf3 14. Nxf3 c4 15.
g4 Nh6 16. Qc2 Qd7 17. a4 Kh8 18. a5 Bc7 19. Qa4 Qe6 20. Qb4 f6 21. g5 fxe5 22.
gxh6 e4 23. hxg7+ Kg8 24. gxf8=Q+ Kxf8 25. Ng5 Qg6 26. Qd2 h6 27. f4 exf3 28.
Bxf3 Kg7 29. Rae1 Nf5 30. Bxd5 Bg3 31. Re6 Qxg5 32. Qxg5+ hxg5 33. Rxf5 Bh4 34.
a6 b6 35. Bxa8 {Black resigns} 1-0

[Event "FICS rated blitz game"]
[Site "FICS freechess.org"]
[Date "2018.01.25"]
[Round "?"]
[White "capricornus"]
[Black "hemangbansal"]
[Result "1-0"]
[WhiteElo "1337"]
[BlackElo "1720"]
[PlyCount "75"]
[EventDate "2018.??.??"]
[EventType "blitz"]

1. e4 e5 2. Nf3 Nc6 3. c3 Nf6 4. d3 Bc5 5. b4 Bd6 6. Be2 Ng4 7. O-O O-O 8. b5
Ne7 9. c4 Ng6 10. h3 Nf6 11. Nc3 Nf4 12. Bxf4 Bb4 13. Bd2 Bxc3 14. Bxc3 Nh5 15.
Bxe5 Qe7 16. Bh2 d6 17. Nd4 Be6 18. Bxh5 g6 19. Bg4 Bxg4 20. Qxg4 f5 21. exf5
Qe5 22. Bxe5 dxe5 23. Ne6 Rxf5 24. Nxc7 Rc8 25. Nd5 Rc5 26. Ne7+ Kf7 27. Nxf5
gxf5 28. Qxf5+ Kg7 29. Rfe1 a5 30. Rxe5 Rxe5 31. Qxe5+ Kg6 32. Re1 h5 33. h4
Kf7 34. Qg5 Kf8 35. Qe7+ Kg8 36. Re5 a4 37. Rg5+ Kh8 38. Qg7# {Black checkmated
} 1-0

[Event "FICS rated blitz game"]
[Site "FICS freechess.org"]
[Date "2018.01.25"]
[Round "?"]
[White "amplitude"]
[Black "Ondras"]
[Result "0-1"]
[WhiteElo "1244"]
[BlackElo "1291"]
[PlyCount "42"]
[EventDate "2018.??.??"]
[EventType "blitz"]

1. e4 e5 2. c3 Nc6 3. Nf3 Nf6 4. Qc2 d6 5. Bc4 Be7 6. d4 O-O 7. d5 Na5 8. Be2
b6 9. b4 Nb7 10. a4 a5 11. Nbd2 h6 12. Bb2 Nh7 13. h3 Ng5 14. Nh2 f5 15. O-O-O
fxe4 16. Nxe4 Nxe4 17. Qxe4 Bf5 18. Qc4 Bg5+ 19. Rd2 Bxd2+ 20. Kxd2 Qg5+ 21. f4
Qxg2 {White resigns} 0-1

[Event "FICS rated blitz game"]
[Site "FICS freechess.org"]
[Date "2018.01.25"]
[Round "?"]
[White "falak"]
[Black "GeorgeFloripa"]
[Result "1-0"]
[WhiteElo "1408"]
[BlackElo "1186"]
[PlyCount "49"]
[EventDate "2018.??.??"]
[EventType "blitz"]

1. e4 e5 2. Nf3 Nc6 3. c3 d6 4. d4 exd4 5. cxd4 Nf6 6. Nc3 Be7 7. Bb5 Bd7 8.
O-O O-O 9. Re1 a6 10. Bxc6 Bxc6 11. d5 Bd7 12. h3 c6 13. dxc6 Bxc6 14. Qd3 Nd7
15. Bf4 Nc5 16. Qc2 Rc8 17. Rad1 Nxe4 18. Nxe4 Bxe4 19. Qxe4 Bf6 20. b3 Qa5 21.
a4 Rfe8 22. Qxb7 Rxe1+ 23. Rxe1 Rd8 24. Qc6 Bc3 25. Re8+ 1-0

[Event "FICS rated blitz game"]
[Site "FICS freechess.org"]
[Date "2018.01.25"]
[Round "?"]
[White "climbit"]
[Black "detelina"]
[Result "0-1"]
[WhiteElo "1673"]
[BlackElo "1717"]
[PlyCount "132"]
[EventDate "2018.??.??"]
[EventType "blitz"]

1. e4 e5 2. Nf3 Nc6 3. c3 d6 4. d4 Bg4 5. d5 Nce7 6. Be2 Nf6 7. Nbd2 Ng6 8. c4
Be7 9. Qc2 c5 10. Nb3 a5 11. a4 b6 12. O-O O-O 13. h3 Bd7 14. Be3 Ne8 15. Nbd2
f5 16. exf5 Bxf5 17. Bd3 Bxd3 18. Qxd3 Nf6 19. Ne4 Qd7 20. Nfg5 Nxe4 21. Qxe4
Nf4 22. g3 Nxh3+ 23. Nxh3 Qxh3 24. Qg2 Qg4 25. b3 Rf7 26. f3 Qg6 27. Ra2 Raf8
28. Raf2 Qd3 29. Bh6 gxh6 30. f4 exf4 31. Rxf4 Rxf4 32. Rxf4 Rxf4 33. gxf4+ Kh8
34. Qg4 Qd4+ 35. Kg2 Qg7 36. Kf3 Qxg4+ 37. Kxg4 Bf6 38. Kf5 Kg7 39. Ke6 h5 40.
Kxd6 h4 41. Kc6 Bd8 42. Kd7 h3 43. Kxd8 h2 44. d6 h1=Q 45. d7 Qc6 46. Ke7 Qf6+
47. Ke8 Qf7+ 48. Kd8 Qf6+ 49. Kc7 Qxf4+ 50. Kc8 Qd6 51. d8=Q Qxd8+ 52. Kxd8 h5
53. Kc7 h4 54. Kxb6 h3 55. Kxc5 h2 56. b4 axb4 57. Kxb4 h1=Q 58. c5 Qc6 59. a5
Kf6 60. Kc4 Ke5 61. a6 Qxa6+ 62. Kb4 Qc6 63. Kc4 Ke6 64. Kd4 Qd5+ 65. Ke3 Qxc5+
66. Kf4 Qe5+ {White resigns} 0-1

[Event "FICS rated blitz game"]
[Site "FICS freechess.org"]
[Date "2018.01.25"]
[Round "?"]
[White "BleuBlancRouge"]
[Black "swindle"]
[Result "0-1"]
[WhiteElo "1745"]
[BlackElo "1609"]
[PlyCount "40"]
[EventDate "2018.??.??"]
[EventType "blitz"]

1. e4 e5 2. Nf3 Nc6 3. c3 Nf6 4. d3 d5 5. Qc2 Bc5 6. Be2 Bg4 7. O-O Qd7 8. b4
Bb6 9. a3 O-O-O 10. Nbd2 Rde8 11. Bb2 h5 12. Rfd1 h4 13. h3 Bxh3 14. gxh3 Qxh3
15. Nh2 Rh6 16. Kh1 Bxf2 17. Ndf3 Rg6 18. Bf1 Qg3 19. exd5 Qg1+ 20. Nxg1 Rxg1#
{White checkmated} 0-1

[Event "FICS rated blitz game"]
[Site "FICS freechess.org"]
[Date "2018.01.25"]
[Round "?"]
[White "Uddo"]
[Black "Pushkin"]
[Result "0-1"]
[WhiteElo "1468"]
[BlackElo "1354"]
[PlyCount "138"]
[EventDate "2018.??.??"]
[EventType "blitz"]

1. e4 e5 2. Nf3 Nc6 3. c3 Nf6 4. d4 exd4 5. e5 Nd5 6. cxd4 d6 7. Nc3 Nxc3 8.
bxc3 dxe5 9. Nxe5 Nxe5 10. d5 Bd6 11. f4 Ng6 12. Qe2+ Qe7 13. Qxe7+ Nxe7 14. g3
Nxd5 15. Bg2 Nxc3 16. Kd2 Nb5 17. Re1+ Kf8 18. a4 Bb4+ 19. Kd1 Nc3+ 20. Kc2
Nxa4 21. Re4 c5 22. Rxa4 Bf5 23. Ba3 Bxe4+ 24. Bxe4 Bxa3 25. Rxa3 g6 26. Bxb7
Re8 27. Kd3 Kg7 28. Rxa7 Rd8+ 29. Kc4 Rd2 30. Bd5 Rf8 31. Kxc5 Rxh2 32. g4 Rc2+
33. Kd6 Rd2 34. Kc5 Rc8+ 35. Kd6 Rd8+ 36. Ke7 R8xd5 37. Ke8 Rd8+ 38. Ke7 Rf8
39. f5 Rf2 40. Ra6 gxf5 41. gxf5 Rxf5 42. Ra3 Re5+ 43. Kd6 f6 44. Rg3+ Kf7 45.
Rh3 Rh8 46. Ra3 Re7 47. Rf3 h5 48. Rh3 h4 49. Kd5 Re5+ 50. Kd4 Kg6 51. Kd3 Kg5
52. Kd2 Kg4 53. Kd3 Rf5 54. Rh1 Rf3+ 55. Ke4 Rg3 56. Kd5 h3 57. Ke6 h2 58. Kxf6
Rg1 59. Rxh2 Rxh2 60. Ke5 Re2+ 61. Kd4 Kf3 62. Kd3 Rd1+ 63. Kc3 Rd8 64. Kc4 Re7
65. Kc5 Rc7+ 66. Kb6 Rc1 67. Kb7 Rd2 68. Kb6 Rb2+ 69. Ka5 Ra1# {White
checkmated} 0-1

[Event "FICS unrated lightning game"]
[Site "FICS freechess.org"]
[Date "2018.01.25"]
[Round "?"]
[White "BayouOn"]
[Black "faniaone"]
[Result "1-0"]
[WhiteElo "1386"]
[BlackElo "1367"]
[PlyCount "75"]
[EventDate "2018.??.??"]

1. e4 e5 2. Nf3 Nc6 3. c3 Nf6 4. Bd3 Be7 5. Bc2 d6 6. d4 exd4 7. cxd4 h6 8. Nc3
Bd7 9. O-O O-O 10. Re1 Qc8 11. a3 Nh7 12. Qd3 f5 13. e5 Be6 14. d5 Nxe5 15.
Nxe5 dxe5 16. dxe6 Qxe6 17. Nd5 Bd6 18. Nf4 Qf6 19. Nh5 Qg6 20. Ng3 e4 21. Qd5+
Kh8 22. Rxe4 fxe4 23. Bxe4 Qg5 24. Bxg5 Nxg5 25. Nf5 Rad8 26. Nxd6 Rxd6 27.
Qxd6 cxd6 28. Bxb7 Rb8 29. Bd5 Rxb2 30. f4 Nh7 31. h4 Rd2 32. Be6 Nf6 33. f5
Ne4 34. Rb1 Nc3 35. Rb8+ Kh7 36. Bg8+ Kh8 37. Bf7+ Kh7 38. Bg6# {Black
checkmated} 1-0

[Event "FICS rated blitz game"]
[Site "FICS freechess.org"]
[Date "2018.01.25"]
[Round "?"]
[White "maximb"]
[Black "lowmiles"]
[Result "1-0"]
[WhiteElo "1574"]
[BlackElo "1624"]
[PlyCount "65"]
[EventDate "2018.??.??"]
[EventType "blitz"]

1. e4 e5 2. Nf3 Nc6 3. c3 Bc5 4. d4 exd4 5. cxd4 Bb6 6. Nc3 d6 7. Be3 Bg4 8.
Be2 Nge7 9. O-O O-O 10. h3 Bh5 11. d5 Bxf3 12. Bxf3 Ne5 13. Bxb6 axb6 14. a3 f5
15. Rc1 f4 16. Nb5 Rc8 17. Nd4 Qe8 18. Ne6 Rf6 19. Rxc7 Rxc7 20. Nxc7 Qg6 21.
Ne6 Qh6 22. Kh2 Qh4 23. Be2 f3 24. Bxf3 Nxf3+ 25. gxf3 Rh6 26. Ng5 Qf4+ 27. Kh1
Qg4 28. fxg4 Ng6 29. Kg2 Nf4+ 30. Kg3 Nxh3 31. Nxh3 Rf6 32. f4 h6 33. e5 {
Black resigns} 1-0

[Event "FICS rated blitz game"]
[Site "FICS freechess.org"]
[Date "2018.01.25"]
[Round "?"]
[White "Uddo"]
[Black "Rquevedo"]
[Result "1-0"]
[WhiteElo "1452"]
[BlackElo "1527"]
[PlyCount "47"]
[EventDate "2018.??.??"]
[EventType "blitz"]

1. e4 Nc6 2. Nf3 e5 3. c3 Nf6 4. d4 exd4 5. e5 Nd5 6. cxd4 Bb4+ 7. Nc3 d6 8.
Bd2 Nxc3 9. bxc3 Ba5 10. exd6 Qxd6 11. Bb5 Bd7 12. O-O O-O 13. a3 a6 14. Bd3
Rfe8 15. Qc2 g6 16. Rab1 b6 17. Be3 Ne7 18. Qd2 Nf5 19. Bxf5 Bxf5 20. Rbc1 Qxa3
21. Bf4 Qe7 22. Bg5 Qd7 23. Bf6 c5 24. Qh6 {Black resigns} 1-0

[Event "FICS rated blitz game"]
[Site "FICS freechess.org"]
[Date "2018.01.25"]
[Round "?"]
[White "windbumwino"]
[Black "GOODMOOD"]
[Result "1-0"]
[WhiteElo "1502"]
[BlackElo "1522"]
[PlyCount "75"]
[EventDate "2018.??.??"]
[EventType "blitz"]

1. e4 e5 2. c3 Nc6 3. Nf3 d5 4. exd5 Qxd5 5. d4 exd4 6. Nxd4 Nxd4 7. Qxd4 Qxd4
8. cxd4 Bb4+ 9. Bd2 Bxd2+ 10. Nxd2 Nf6 11. O-O-O O-O 12. Bd3 Be6 13. b3 Rfd8
14. Nf3 a5 15. Bc4 a4 16. Bxe6 fxe6 17. Kb2 a3+ 18. Kc2 Nd5 19. Rhe1 Nb4+ 20.
Kb1 Ra6 21. Ne5 Rd5 22. Nc4 b5 23. Ne3 Rd7 24. Nc2 Nxc2 25. Kxc2 Rc6+ 26. Kd3
Rcd6 27. Re4 c5 28. Ke3 b4 29. Rd3 Kf7 30. f4 g6 31. g4 h5 32. g5 Rd5 33. h4
Rc7 34. dxc5 Rxd3+ 35. Kxd3 Rxc5 36. Rxb4 Rc1 37. Ra4 Rh1 38. Rxa3 1-0

[Event "FICS rated blitz game"]
[Site "FICS freechess.org"]
[Date "2018.01.25"]
[Round "?"]
[White "chook"]
[Black "Florinato"]
[Result "0-1"]
[WhiteElo "1416"]
[BlackElo "1303"]
[PlyCount "52"]
[EventDate "2018.??.??"]
[EventType "blitz"]

1. e4 e5 2. Nf3 Nc6 3. c3 d6 4. d4 exd4 5. cxd4 Be7 6. Nc3 Nf6 7. Bb5 O-O 8.
O-O Bg4 9. Qd3 Bxf3 10. gxf3 Nh5 11. e5 dxe5 12. dxe5 Qxd3 13. Bxd3 Nxe5 14.
Be4 f5 15. Bxb7 Rab8 16. Bd5+ Kh8 17. f4 Nd3 18. Be3 Rxb2 19. Bxa7 Ndxf4 20.
Bh1 Nh3+ 21. Kg2 N5f4+ 22. Kg3 h5 23. Bd4 h4+ 24. Kf3 Bd6 25. Bg2 Ng5+ 26. Ke3
Re8+ {White resigns} 0-1

[Event "FICS rated blitz game"]
[Site "FICS freechess.org"]
[Date "2018.01.25"]
[Round "?"]
[White "proximab"]
[Black "suniyer"]
[Result "1-0"]
[WhiteElo "2048"]
[BlackElo "1773"]
[PlyCount "42"]
[EventDate "2018.??.??"]
[EventType "blitz"]

1. e4 e5 2. Nf3 Nc6 3. c3 d5 4. Qa4 dxe4 5. Nxe5 Qd6 6. Nxc6 bxc6 7. Qxe4+ Be6
8. Bb5 Kd7 9. Be2 Nf6 10. Qc2 Be7 11. d4 Rhd8 12. Bg5 Ke8 13. Bxf6 Bxf6 14.
Qxh7 g6 15. Na3 Kf8 16. O-O Ke7 17. Nc4 Qf4 18. Ne5 Rh8 19. Nxg6+ Kd7 20. Qxh8
Rxh8 21. Nxf4 Rg8 {Black resigns} 1-0

[Event "FICS rated blitz game"]
[Site "FICS freechess.org"]
[Date "2018.01.25"]
[Round "?"]
[White "BiH"]
[Black "frac"]
[Result "0-1"]
[WhiteElo "1599"]
[BlackElo "1646"]
[PlyCount "48"]
[EventDate "2018.??.??"]
[EventType "blitz"]

1. e4 e5 2. Nf3 Nc6 3. c3 d5 4. Qa4 Bd7 5. exd5 Nd4 6. Qd1 Nxf3+ 7. Qxf3 Bd6 8.
c4 Nf6 9. d3 O-O 10. Bg5 Re8 11. Be2 Be7 12. Qg3 e4 13. O-O Bf5 14. d4 Nxd5 15.
h4 Nb4 16. Na3 Bxg5 17. hxg5 Qxd4 18. Qb3 e3 19. Qxb4 exf2+ 20. Rxf2 Rxe2 21.
Raf1 c6 22. Qa5 g6 23. Qc7 Rae8 24. Qf4 Qxb2 0-1

[Event "FICS rated blitz game"]
[Site "FICS freechess.org"]
[Date "2018.01.25"]
[Round "?"]
[White "BiH"]
[Black "frac"]
[Result "1-0"]
[WhiteElo "1597"]
[BlackElo "1648"]
[PlyCount "97"]
[EventDate "2018.??.??"]
[EventType "blitz"]

1. e4 e5 2. Nf3 Nc6 3. c3 d5 4. Qa4 Bd7 5. exd5 Nd4 6. Qd1 Nxf3+ 7. Qxf3 Bd6 8.
Bc4 Nf6 9. d3 O-O 10. Bg5 b5 11. Bb3 a5 12. Bxf6 Qxf6 13. Qxf6 gxf6 14. Nd2 a4
15. Bc2 b4 16. Rb1 a3 17. Ne4 Be7 18. cxb4 Rfb8 19. bxa3 Rxa3 20. O-O Rxa2 21.
Bb3 Ra3 22. Bc4 f5 23. Nc5 Bc8 24. g3 Kg7 25. Kg2 Bd6 26. f4 exf4 27. gxf4 Kf6
28. Kf3 h5 29. Ke3 Rxb4 30. Kd4 Rxb1 31. Rxb1 Bxc5+ 32. Kxc5 Ba6 33. Bxa6 Rxa6
34. Rb7 Ra2 35. Rxc7 Rxh2 36. d6 Rg2 37. d7 Rg8 38. Kd6 Rd8 39. Rc8 Rxd7+ 40.
Kxd7 h4 41. Rh8 Kg7 42. Rxh4 f6 43. Rh2 Kf7 44. d4 Kf8 45. d5 Kf7 46. d6 Kf8
47. Kd8 Kf7 48. d7 Kf8 49. Kc8 1-0

[Event "FICS rated blitz game"]
[Site "FICS freechess.org"]
[Date "2018.01.25"]
[Round "?"]
[White "DroukLazher"]
[Black "noushb"]
[Result "0-1"]
[WhiteElo "1438"]
[BlackElo "1292"]
[PlyCount "21"]
[EventDate "2018.??.??"]
[EventType "blitz"]

1. e4 e5 2. Nf3 Nc6 3. c3 Nf6 4. a4 d5 5. exd5 Nxd5 6. Bc4 Be6 7. Qb3 Na5 8.
Qb5+ c6 9. Nxe5 cxb5 10. axb5 Nxc4 11. Nxc4 {White resigns} 0-1

[Event "FICS unrated blitz game"]
[Site "FICS freechess.org"]
[Date "2018.01.25"]
[Round "?"]
[White "ukw"]
[Black "MterJackske"]
[Result "1-0"]
[WhiteElo "1602"]
[BlackElo "1468"]
[PlyCount "29"]
[EventDate "2018.??.??"]
[EventType "blitz"]

1. e4 e5 2. Nf3 Nc6 3. c3 Nf6 4. d4 Nxe4 5. d5 Ne7 6. Nxe5 d6 7. Bb5+ c6 8.
dxc6 bxc6 9. Bxc6+ Nxc6 10. Nxc6 Qb6 11. Nd4 Be7 12. O-O O-O 13. Re1 d5 14. f3
Nf6 15. Rxe7 {Black resigns} 1-0

[Event "FICS rated blitz game"]
[Site "FICS freechess.org"]
[Date "2018.01.25"]
[Round "?"]
[White "proximab"]
[Black "rashadjamal"]
[Result "1-0"]
[WhiteElo "2059"]
[BlackElo "979"]
[PlyCount "23"]
[EventDate "2018.??.??"]
[EventType "blitz"]

1. e4 e5 2. Nf3 Nc6 3. c3 a6 4. Bc4 Bc5 5. d4 exd4 6. cxd4 Bxd4 7. Nxd4 Nxd4 8.
Qxd4 f6 9. Nc3 d6 10. Bf4 Bd7 11. Qd5 Bc6 12. Qf7# {Black checkmated} 1-0

[Event "FICS rated blitz game"]
[Site "FICS freechess.org"]
[Date "2018.01.25"]
[Round "?"]
[White "proximab"]
[Black "rashadjamal"]
[Result "1-0"]
[WhiteElo "2059"]
[BlackElo "980"]
[PlyCount "37"]
[EventDate "2018.??.??"]
[EventType "blitz"]

1. e4 e5 2. Nf3 Nc6 3. c3 Nf6 4. d4 exd4 5. e5 Ne4 6. cxd4 Bb4+ 7. Nbd2 Bxd2+
8. Bxd2 O-O 9. d5 Ne7 10. Qc2 Nxd2 11. Qxd2 b6 12. d6 cxd6 13. exd6 Nf5 14. Qd5
Qe8+ 15. Kd1 Bb7 16. Qxf5 Rc8 17. Ng5 g6 18. Qh3 Qe5 19. Qxh7# {Black
checkmated} 1-0

[Event "FICS rated standard game"]
[Site "FICS freechess.org"]
[Date "2018.01.25"]
[Round "?"]
[White "Mukulram"]
[Black "stonylove"]
[Result "0-1"]
[WhiteElo "1686"]
[BlackElo "1854"]
[PlyCount "66"]
[EventDate "2018.??.??"]

1. e4 e5 2. Nf3 Nc6 3. c3 Bc5 4. Bc4 Nf6 5. O-O h6 6. Re1 g5 7. Nxe5 Bxf2+ 8.
Kxf2 Nxe5 9. Bb3 c5 10. d4 Neg4+ 11. Kg1 d6 12. h3 h5 13. e5 dxe5 14. hxg4 Nxg4
15. Qf3 Qe7 16. Ba4+ Kf8 17. dxe5 Kg7 18. Nd2 Be6 19. Ne4 Nxe5 20. Qg3 f6 21.
Nxg5 Bg4 22. Bb3 c4 23. Bxc4 Qc5+ 24. Kh1 Qxc4 25. Rxe5 fxe5 26. Qxe5+ Kg6 27.
Qd6+ Kf5 28. Qd7+ Kf6 29. Qd6+ Kg7 30. Qe7+ Kg6 31. Qd6+ Kf5 32. Qd7+ Kf6 33.
Qd6+ Be6 0-1

[Event "FICS unrated blitz game"]
[Site "FICS freechess.org"]
[Date "2018.01.25"]
[Round "?"]
[White "HunGuard"]
[Black "voodooyak"]
[Result "1-0"]
[WhiteElo "1625"]
[BlackElo "1401"]
[PlyCount "29"]
[EventDate "2018.??.??"]
[EventType "blitz"]

1. e4 e5 2. Nf3 Nc6 3. c3 Nf6 4. d4 exd4 5. e5 Nd5 6. cxd4 Bb4+ 7. Bd2 O-O 8.
Bc4 Nb6 9. Bd3 d6 10. O-O dxe5 11. Bxh7+ Kh8 12. Be4 Bxd2 13. Nbxd2 Nxd4 14.
Nxd4 Qxd4 15. Qh5+ {Black resigns} 1-0

[Event "FICS rated blitz game"]
[Site "FICS freechess.org"]
[Date "2018.01.25"]
[Round "?"]
[White "sampaths"]
[Black "wakikona"]
[Result "1-0"]
[WhiteElo "1563"]
[BlackElo "1480"]
[PlyCount "103"]
[EventDate "2018.??.??"]
[EventType "blitz"]

1. e4 e5 2. Nf3 Nc6 3. c3 Nf6 4. d4 d5 5. exd5 Nxd5 6. Nxe5 Nxe5 7. dxe5 Bc5 8.
c4 Nb4 9. Qxd8+ Kxd8 10. Na3 Re8 11. f4 Bf5 12. Bd2 Nd3+ 13. Bxd3 Bxd3 14. b4
Bd4 15. Rd1 Bb2 16. Bc3 Bxa3 17. Rxd3+ Ke7 18. Bd2 Bb2 19. Rb3 Bd4 20. Ke2 Rad8
21. Rd1 f6 22. exf6+ Kxf6+ 23. Kf3 h5 24. h3 Kf5 25. g4+ hxg4+ 26. hxg4+ Kf6
27. c5 Rh8 28. Kg3 g5 29. fxg5+ Kg6 30. Rbb1 Be5+ 31. Bf4 Bxf4+ 32. Kxf4 Rdf8+
33. Kg3 Kxg5 34. Rd5+ Kg6 35. Re1 Rf7 36. Re6+ Kg7 37. Rg5+ Kf8 38. Rf5 Rxf5
39. gxf5 Kf7 40. a3 Rg8+ 41. Kf3 Rg1 42. Ke4 Re1+ 43. Kd5 Rd1+ 44. Kc4 Rc1+ 45.
Kb3 Rb1+ 46. Ka4 Rf1 47. Rh6 Rxf5 48. Rh7+ Ke6 49. Rxc7 b6 50. cxb6 axb6 51.
Rc6+ Kd5 52. Rxb6 1-0

[Event "FICS rated blitz game"]
[Site "FICS freechess.org"]
[Date "2018.01.25"]
[Round "?"]
[White "Grigoleit"]
[Black "ToreTang"]
[Result "1-0"]
[WhiteElo "1182"]
[BlackElo "1183"]
[PlyCount "53"]
[EventDate "2018.??.??"]
[EventType "blitz"]

1. e4 e5 2. Nf3 Nc6 3. c3 a6 4. d4 exd4 5. Nxd4 Bc5 6. Nxc6 bxc6 7. b4 Bb6 8.
Qf3 Nf6 9. Bc4 d5 10. exd5 cxd5 11. Qe2+ Be6 12. Bb3 Ne4 13. O-O Qf6 14. Ba4+
Kf8 15. Be3 c5 16. bxc5 Bxc5 17. Bxc5+ Nxc5 18. Bc2 g6 19. f3 Kg7 20. Qe3 Nd7
21. Nd2 Rhe8 22. Qd4 Qxd4+ 23. cxd4 Nf6 24. Ba4 Rec8 25. Rac1 Nh5 26. Rxc8 Rxc8
27. g3 1-0